| 000 | 00854nam a22002177a 4500 | ||
|---|---|---|---|
| 999 |
_c3476 _d3476 |
||
| 005 | 20240129090036.0 | ||
| 008 | 240129b ||||| |||| 00| 0 eng d | ||
| 020 | _a9781407124483 | ||
| 040 | _cKH8 | ||
| 082 | _a823.914 DEA | ||
| 100 |
_aDeary, Terry _eAuthor |
||
| 245 |
_aSafe-cracking for students/ _cTerry Deary |
||
| 260 |
_bScholastic Children's Books, _c2010. |
||
| 300 |
_a201 pages ; _c18 cm |
||
| 440 |
_a Master Crook's Crime Academy, _v 4 |
||
| 520 | _aWildpool's filthy rich are delighted - with a new bank in town, at last their money will be safe from thieving hands. But they haven't banked on the wit, skill and genius of the Crime Academy students, who are preparing for the greatest bank robbey of all time | ||
| 650 | _aAdventure stories | ||
| 650 | _aBank robberies | ||
| 650 |
_aBank robberies _vFiction |
||
| 942 |
_2ddc _cFIC |
||